000 00373nam a2200145Ia 4500
008 230711s9999||||xx |||||||||||||| ||und||
041 _aENG
082 _a692.5
_bFI-C
100 _aFintel,Mark
245 0 _aHandbook of concrete engineering
250 _a1st
260 _c1989
_aNew Delhi
_bCBS Publishers & Distributors Pvt.Ltd
650 _aCivil Engineering
942 _cBK
999 _c652
_d652